Statistiques concernant Pays du monde - 15 secondes de sprint

Cliquez ici pour prendre le quiz!

Statistiques générales

  • Ce quiz a été pris 3 492 fois
  • Le résultat moyen est 8 sur 196

Réponses sur la Carte

Les réponses sont colorées sur une échelle allant du rouge au vert en fonction du pourcentage des utilisateurs qui les ont devinées à leur premier essai. Vous pouvez retrouver ces pourcentages ci-dessous.
 

Statistiques - réponses

pays% Correct
France
74%
Canada
47%
Etats-Unis
38%
Russie
38%
Espagne
33%
Chine
31%
Italie
22%
Allemagne
18%
Inde
18%
Brésil
17%
Japon
17%
Mexique
16%
Portugal
16%
Australie
13%
Belgique
11%
Suisse
11%
Togo
11%
Iran
9%
Mali
9%
République
démocratique
du Congo
9%
Algérie
8%
Congo
8%
Cuba
8%
Irak
8%
Irlande
8%
Islande
8%
Maroc
8%
Suède
7%
Bénin
6%
Chili
6%
Émirats arabes unis
6%
Laos
6%
Monaco
6%
Nauru
6%
Argentine
5%
Tunisie
5%
Andorre
4%
Finlande
4%
Ghana
4%
Libye
4%
Malte
4%
Niger
4%
Norvège
4%
Oman
4%
Palaos
4%
Pérou
4%
Tchad
4%
Tonga
4%
Danemark
3%
Égypte
3%
Estonie
3%
Fidji
3%
Grèce
3%
Liban
3%
Mongolie
3%
Népal
3%
Pays-Bas
3%
Pologne
3%
Royaume-Uni
3%
Samoa
3%
Tuvalu
3%
Vatican
3%
Yémen
3%
Albanie
2%
Angola
2%
Autriche
2%
Belize
2%
Bhoutan
2%
Bolivie
2%
Brunei
2%
Chypre
2%
Corée du Sud
2%
Gabon
2%
Guinée
2%
Haiti
2%
Indonésie
2%
Israël
2%
Kiribati
2%
Lettonie
2%
Lituanie
2%
Luxembourg
2%
Nigeria
2%
Papouasie-
Nouvelle-Guinée
2%
Qatar
2%
Soudan
2%
Syrie
2%
Turquie
2%
Ukraine
2%
Uruguay
2%
Vanuatu
2%
Afrique du Sud
1%
Antigua-et-Barbuda
1%
Bahamas
1%
Bahreïn
1%
Barbade
1%
Biélorussie
1%
Birmanie
1%
Bosnie-Herzégovine
1%
Bulgarie
1%
Burundi
1%
Cambodge
1%
Cameroun
1%
Colombie
1%
Corée du Nord
1%
Costa Rica
1%
Côte d'Ivoire
1%
Croatie
1%
Djibouti
1%
Équateur
1%
Éthiopie
1%
Gambie
1%
Guatemala
1%
Guyana
1%
Honduras
1%
Hongrie
1%
Jamaïque
1%
Jordanie
1%
Kenya
1%
Kosovo
1%
Koweït
1%
Lesotho
1%
Macédoine
1%
Malaisie
1%
Malawi
1%
Mauritanie
1%
Moldavie
1%
Namibie
1%
Nicaragua
1%
Nouvelle-Zélande
1%
Ouganda
1%
Pakistan
1%
Panama
1%
Paraguay
1%
République
Centrafricaine
1%
Roumanie
1%
Rwanda
1%
Saint-Marin
1%
Salomon
1%
Salvador
1%
Sao Tomé-et-Principe
1%
Sénégal
1%
Serbie
1%
Singapour
1%
Slovénie
1%
Somalie
1%
Sri Lanka
1%
Taïwan
1%
Tchèquie
1%
Thaïlande
1%
Viêt Nam
1%
Zambie
1%
Afghanistan
0%
Arménie
0%
Azerbaïdjan
0%
Bangladesh
0%
Botswana
0%
Burkina Faso
0%
Cabo Verde
0%
Comores
0%
Dominique
0%
Érythrée
0%
Géorgie
0%
Grenade
0%
Guinée-Bissau
0%
Guinée équatoriale
0%
Île Maurice
0%
Îles Marshall
0%
Kazakhstan
0%
Kirghizistan
0%
Liberia
0%
Liechtenstein
0%
Madagascar
0%
Maldives
0%
Micronésie
0%
Monténégro
0%
Mozambique
0%
Ouzbékistan
0%
Philippines
0%
République
dominicaine
0%
Saint-Christophe-
et-Niévès
0%
Sainte-Lucie
0%
Saint-Vincent-et-
les-Grenadines
0%
Saudi Arabia
0%
Seychelles
0%
Sierra Leone
0%
Slovaquie
0%
Soudan du Sud
0%
Suriname
0%
Swaziland
0%
Tadjikistan
0%
Tanzanie
0%
Timor-Leste
0%
Trinité-et-Tobago
0%
Turkménistan
0%
Venezuela
0%
Zimbabwe
0%

Distribution des résultats

Percentile par nombre de réponses

% des personnes avec chaque résultat

Votre développement - résultats

Vous n’avez pas pris ce quiz